Study on the process of subsequent land registration in sangkat phnom penh thmey, khan sensok, phnom penh, ការសិក្សាពីដំណើការចុះបញ្ជីដីបន្ត នៅសង្កាត់ភ្នំពេញថ្មី ខណ្ឌសែនសុខ រាជធានីភ្នំពេញ (Record no. 5651)
[ view plain ]
| 000 -LEADER | |
|---|---|
| fixed length control field | 00702nam a22001577a 4500 |
| 003 - CONTROL NUMBER IDENTIFIER | |
| control field | OSt |
| 005 - DATE AND TIME OF LATEST TRANSACTION | |
| control field | 20160105154632.0 |
| 008 - FIXED-LENGTH DATA ELEMENTS--GENERAL INFORMATION | |
| fixed length control field | 160105b xxu||||| |||| 00| 0 eng d |
| 040 ## - CATALOGING SOURCE | |
| Transcribing agency | RUA |
| 082 ## - DEWEY DECIMAL CLASSIFICATION NUMBER | |
| Classification number | LMA SOK 2011 B308 Or.1 |
| 100 ## - MAIN ENTRY--PERSONAL NAME | |
| 9 (RLIN) | 6057 |
| Personal name | SOK, PHEAREAK. |
| 245 ## - TITLE STATEMENT | |
| Title | Study on the process of subsequent land registration in sangkat phnom penh thmey, khan sensok, phnom penh, ការសិក្សាពីដំណើការចុះបញ្ជីដីបន្ត នៅសង្កាត់ភ្នំពេញថ្មី ខណ្ឌសែនសុខ រាជធានីភ្នំពេញ |
| 260 ## - PUBLICATION, DISTRIBUTION, ETC. (IMPRINT) | |
| Place of publication, distribution, etc. | Phnom Penh |
| Name of publisher, distributor, etc. | RUA |
| Date of publication, distribution, etc. | 2011 |
| 300 ## - PHYSICAL DESCRIPTION | |
| Extent | x; 55p. |
| Other physical details | ill. |
| Dimensions | 29cm. |
| 942 ## - ADDED ENTRY ELEMENTS (KOHA) | |
| Source of classification or shelving scheme | |
| Koha item type | LMA |
| Price effective from | Date last seen | Permanent Location | Not for loan | Date acquired | Source of classification or shelving scheme | Koha item type | Lost status | Withdrawn status | Date last checked out | Total Checkouts | Shelving location | Damaged status | Barcode | Current Location | Full call number |
|---|---|---|---|---|---|---|---|---|---|---|---|---|---|---|---|
| 2016-01-05 | 2016-01-05 | Library Block B | 2016-01-05 | LMA | B308 | RUA009347 | Library Block B | LMA SOK 2011 B308 Or.1 | |||||||
| 2016-01-05 | 2020-01-14 | Library Block B | 2016-01-05 | LMA | 2019-12-27 | 1 | B308 | RUA009367 | Library Block B | LMA SOK 2011 B308 Or.2 | |||||
| 2016-01-05 | 2023-08-02 | Library Block B | 2016-01-05 | LMA | 2023-06-14 | 4 | B308 | RUA009605 | Library Block B | LMA SOK 2011 B308 Or.3 | |||||
| 2016-01-05 | 2016-01-05 | Library Block B | 2016-01-05 | LMA | B308 | RUA019947 | Library Block B | LMA SOK 2011 B308 Or.4 | |||||||
| 2016-01-05 | 2016-01-05 | Library Block B | 2016-01-05 | LMA | B308 | RUA019520 | Library Block B | LMA SOK 2011 B308 Or.5 | |||||||
| 2016-01-05 | 2016-01-05 | Library Block B | 2016-01-05 | LMA | B308 | RUA018592 | Library Block B | LMA SOK 2011 B308 Or.6 | |||||||
| 2016-01-05 | 2019-07-30 | Library Block B | 2016-01-05 | LMA | 2019-07-23 | 5 | B308 | RUA049541 | Library Block B | LMA SOK 2011 B308 Or.7 | |||||
| 2016-01-27 | 2016-01-27 | Library Block B | 2016-01-27 | LMA | B308 | Library Block B | LMA SOK 2011 B308 Or.1 |